All JToH Difficulties - Statistics

General Stats
  • This quiz has been taken 62 times
  • The average score is 17 of 21
Answer Stats
Hint Answer % Correct
Challenging
100%
Regular Difficulties Easy
100%
Hard
100%
Medium
100%
Difficult
97%
Extreme
97%
Horrific
97%
Soul-Crushing Difficulties Insane
97%
Unreal
97%
Catastrophic
95%
Intense
95%
Remorseless
95%
Terrifying
92%
nil
87%
Removed Difficulties Effortless
74%
Miscellaneous Difficulties Gingerbread
56%
TooHard
56%
korn
51%
Thanos
49%
Joke Difficulties Epic
46%
OooOOOoOOOOooo above catastrophic difficulty OoOOooOOoo
38%
No matching quizzes found
Score Distribution
Percent of People with Each Score
Percentile by Number Answered
Your Score History
You have not taken this quiz